000 00717nam a2200217 i 4500
001 bgj
100 1 _aROGET, Peter Mark
_d(1779-1869)
245 1 0 _aRoget's Thesaurus of English Words and Phrases /
_cPeter Mark Roget ; John Lewis Roget ; Samuel Romilly Roget.
260 _aNew York :
_bChatham River Press,
_cc. 1979.
300 _aXLII, 705 pp ;
_c23 cm.
505 _aIncludes index.
650 9 _aEnglish language
_xSynonyms and antonyms
700 1 _aROGET, John Lewis
_d(1828-1908).
_eco-author
700 1 _aROGET, Samuel Romilly
_d(1875-?).
_eco-author
020 _a0517436248
040 _cBPK
041 0 _aeng
920 _a0-517-436248
942 _cKS
008 s uk f |000 0 eng
999 _c48266
_d48266